LEADER 01304nam a2200289 i 4500 001 991004123749707536 008 090131s1981 it a b 111 0 ita d 035 $ab1380635x-39ule_inst 040 $aDip.to Filologia Class. e Scienze Filosofiche$bita 041 0 $aita$afre$aspa 110 2 $aAccademia romanistica costantiniana$0240708 245 10$aAtti dell'Accademia romanistica costantiniana :$bIV Convegno internazionale in onore di Mario De Dominicis 260 $aNapoli :$bEdizioni scientifiche italiane,$c1981 300 $a923 p. ;$c24 cm 440 0$aPubblicazioni dell'Università degli studi di Perugia 500 $aIn testa al front.: Università degli studi di Perugia, Facoltà di giurisprudenza 504 $aContiene riferimenti bibliografici 546 $aTesti in italiano, francese e spagnolo 650 4$aDiritto romano$vCongressi 700 1 $aDe Dominicis, Mario 710 2 $aUniversità di Perugia.$bFacoltà di giurisprudenza 907 $a.b1380635x$b02-04-14$c30-01-09 912 $a991004123749707536 945 $aLE007 00 ARC 01$cv.04$g1$i2007000177075$lle007$op$pE57.00$q-$rl$s- $t0$u0$v0$w0$x0$y.i14924079$z02-02-09 996 $aAtti dell'Accademia romanistica costantiniana$9243398 997 $aUNISALENTO 998 $ale007$b30-01-09$cm$da $e-$fita$git $h0$i0